| 000 | 00905nam a2200217 i 4500 | ||
|---|---|---|---|
| 001 | 10953 | ||
| 003 | ES-MaACL | ||
| 005 | 20230906150010.0 | ||
| 007 | t| | ||
| 008 | 921111s1991 sp |||| | spa d | ||
| 020 | _a84-86884-80-2 | ||
| 080 | _a37.02 | ||
| 111 | 2 |
_aPremios Francisco Giner de los Rios a la innovación educativa ( _n7º. _d1989-90. _cMadrid) _9941 |
|
| 245 | 1 | 0 |
_aNuevas aproximaciones a la escuela integral / _cVII premios Francisco Giner de los Ríos a la innovación educativa, 1989-90, en la colaboración con el Mº de Educación y Ciencia ; edición al cuidado de Paloma Cepeda Gómez. |
| 260 |
_aMadrid : _bFundación Banco Exterior, _c[1991] |
||
| 300 |
_a180 p. : _bil. ; _c23 cm. |
||
| 650 | 1 | 4 |
_aInnovaciones educativas- _vCongresos y asambleas. _913789 |
| 700 | 1 |
_aCepeda Gómez, Paloma. _937432 |
|
| 710 | 2 |
_aFundación Banco Exterior. _94226 |
|
| 852 |
_aES-MaACL _jL-18244 |
||
| 999 |
_c10953 _d10953 |
||